000 00279nam a22001217a 4500
008 170223b xxu||||| |||| 00| 0 eng d
041 _aeng
080 _29780323088978
_a617
100 _a5
101 _aSHK
245 _aYEAR BOOK VASCULAR SURGERY
_cMONETA.G.L
942 _2udc
_cBK
999 _c6155
_d6155